Normal view
MARC view
Entry Personal Name
001 - CONTROL NUMBER
- control field: 556473
003 - CONTROL NUMBER IDENTIFIER
- control field: OSt
005 - DATE AND TIME OF LATEST TRANSACTION
- control field: 20220930094844.0
008 - FIXED-LENGTH DATA ELEMENTS
- fixed length control field: 220930|| aca||aabn | a|a d
040 ## - CATALOGING SOURCE
- Original cataloging agency: OSt
- Transcribing agency: OSt
100 ## - HEADING--PERSONAL NAME
- Personal name: डॉ. कुमुद शर्मा, गा
670 ## - SOURCE DATA FOUND
- Source citation: Work cat.: (OSt)887788: मनेाज कुमार, मद्रास कैफे फिल्म का कहानी, प्रभाव और बॉक्स ऑफिस की दृष्टि से अध्ययन, 2013
